| 000 | 00000nam 2200000za 4500 |
| 001 | 9.675223 |
| 003 | CaOODSP |
| 005 | 20210831113704 |
| 007 | cr ||||||||||| |
| 008 | 150407|2009||||xxc|||||o f|0| 0 eng d |
| 040 | |aCaOODSP|beng |
| 041 | |aeng |
| 041 | |afre |
| 043 | |an-cn--- |
| 086 | 1 |aNH15-465/2009-PDF |
| 110 | 1 |aCanada.|bCanada Mortgage and Housing Corporation. |bCanadian Housing Information Centre. |
| 245 | 10|aSustainable housing : |h[electronic resource]|ba selective bibliography |
| 260 | |aOttawa - Ontario : |bCanada Mortgage and Housing Corporation. |cApril 2009. |
| 300 | |a156p. |
| 504 | |aBibliography. |
| 590 | |a11-27-Supp|b2011-11-15 |
| 690 | 07|aEnergy conservation|2gcpds |
| 690 | 07|aGreen technology|2gcpds |
| 690 | 07|aHousing|2gcpds |
| 690 | 07|aSustainable development|2gcpds |
| 792 | |tLe logement durable : |efre|w(CaOODSP)9.675224 |
| 795 | |tSustainable housing : |w(CaOODSP)9.675221 |
| 856 | 40|ahttp://publications.gc.ca|qPDF|s1.31 MB|uhttps://publications.gc.ca/collections/collection_2011/schl-cmhc/NH15-465-2009.pdf |